Statistics for Flattest Countries Quiz

Click here to take the quiz!

General Stats

  • This quiz has been taken 1,034 times
    (953 since last reset)
  • The average score is 9 of 20

Answer Stats

High Low Total Country % Correct
Command Ridge (71m)Sea Level71mNauru
66%
unnamed location (5m)Sea Level5mTuvalu
65%
Mount Ngerchelchuus (242m)Sea Level242mPalau
64%
unnamed location on Villingili (2m)Sea Level2mMaldives
62%
unnamed location on Banaba (81m)Sea Leval81mKiribati
61%
unnamed location (75m)Saint Peter's Square 33m42mVatican City
58%
Jabal ad Dukhan (122m)Sea Level122mBahrain
58%
Qurayn Abu al Bawl (103m)Sea Level103mQatar
57%
Mont Agel (161m)Sea Level161mMonaco
56%
unnamed location on Likiep (10m)Sea Level10mMarshall Islands
56%
Bukhit Timah (164m)Sea Level164mSingapore
53%
Mollehoj (171m)Lammefjord (-7m)178mDenmark
49%
Ta'Dmejrek (253m)Sea Level253mMalta
47%
unnamed location (306m)Sea Level306mKuwait
46%
Mount Alvernia (63m)Sea Level63mBahamas
45%
Gaizinkalns (312m)Sea Level312mLatvia
30%
Aukstojas Hill (274m)Nemunas Delta (-5m)279mLithuania
29%
Dzyarzhynskaya Hara (346m)Neman (90m)256mBelarus
20%
unnamed location (53m)Sea Level53mGambia
15%
unnamed location (300m)Sea Level300mGuinea Bissau
7%

Score Distribution

Percentile by Number Answered

Percent of People with Each Score

Your Score History

You have not taken this quiz since the last reset